00270nam a2200109Ia 4500003000400000008004100004100001800045245003200063260003900095300000800134650001800142OSt191201s2017 xx 000 0 und d aMOORE, Kieron 0aBuddha an Enlightened Life  bKALYANI NAVYUG MEDIA PVT LTDc2017 a147 aGeneral Books